000 00817nam a22002657i 4500
003 DO-SdBNP
005 20260321073644.0
007 ta
008 210621e2021 dr ||||gr|||| 00| 0 spa d
020 _a9789945587241
040 _aDO-SdBNP
_bspa
_cBNPHU
041 _hspa
082 4 _a972.93054
_bB742r, 2021
_222
100 1 _a Bosch, Juan,
_d1909-2001
_976555
245 1 3 _aLa revolución de abril /
_cJuan Bosch
264 1 _aSanto Domingo :
_bFundación Juan Bosch,
_c2021.
300 _a47 páginas ;
_c23 cm.
336 _2texto
_atxt
_brdacontent
337 _aSin mediación
_bn
_2rdamedia
338 _avolumen
_bnc
_2rdacarrier
590 _aInventariado, 2022/BT
651 7 _aRepública Dominicana
_xHistoria
_yRevolución, 1965
_92167
910 _aValidado. Control de calidad/MAA
942 _2ddc
_cLF2
999 _c49968
_d49968